Science Quiz

Random Science or Physics Quiz

Phun Physics Game Quiz Stats

 Plays Quiz not verified by Sporcle

Also try: Number Crossword
Challenge
Share
Tweet
Embed
Score 0/17 Timer 05:00
0 Plays Today
Question Answer Wrong Answers
An Orange star is ...... class? ???
58.1%
???
12.9%
???
3.2%
???
6.5%
A Red star is ...... class? ???
54.8%
???
6.5%
???
9.7%
???
12.9%
Balmer lines are caused by a the presence of Hydrogen in what state? ???
51.6%
???
19.4%
???
6.5%
???
9.7%
Which of these stellar classes is the hottest? ???
48.4%
???
3.2%
???
22.6%
???
6.5%
Neutral atoms,TiO are prominently absorbed by ...... class stars? ???
48.4%
???
12.9%
???
6.5%
???
19.4%
What is the intrinsic colour of a star with the temperature range 11000-25000K? ???
45.2%
???
0%
???
16.1%
???
25.8%
A stellar class has a temperature range of 3500-5000 K, what are this class' prominent absorption lines? ???
41.9%
???
19.4%
???
16.1%
???
6.5%
What is the intrinsic colour of a G class star? ???
41.9%
???
12.9%
???
6.5%
???
16.1%
He and H are the prominent absorption lines for what class of star? ???
41.9%
???
29%
???
9.7%
???
6.5%
What are the prominent absorption lines for an A class star? ???
41.9%
???
19.4%
???
6.5%
???
19.4%
A yellow-white star has a temperature range of ? ???
38.7%
???
3.2%
???
19.4%
???
22.6%
What is the strength of a F class star's Balmer lines? ???
38.7%
???
3.2%
???
16.1%
???
32.3%
What is the temperature range of the stellar class with the strongest Balmer absorption lines? ???
35.5%
???
19.4%
???
29%
???
6.5%
What is the temperature range of a F class star? ???
35.5%
???
16.1%
???
19.4%
???
19.4%
A star's prominent absorption lines are caused by ionised metals, what colour is this star? ???
32.3%
???
16.1%
???
19.4%
???
22.6%
Which of these classes has the longest wavelength of light emitted from it? ???
29%
???
19.4%
???
16.1%
???
16.1%
The general trend in Balmer line prominence as you move through the classes (From O to M) is: ???
25.8%
???
6.5%
???
25.8%
???
22.6%

You're not logged in!

Compare scores with friends on all Sporcle quizzes.
Join for Free
OR
Log In

You Might Also Like...

Show Comments

Extras

Top Quizzes Today


Score Distribution

Your Account Isn't Verified!

In order to create a playlist on Sporcle, you need to verify the email address you used during registration. Go to your Sporcle Settings to finish the process.

Report this User

Report this user for behavior that violates our Community Guidelines.

Details: